000 00702nam a22002295i 4500
001 176933
003 ES-MaACL
005 20230906220220.0
008 110218s1990 sp o |||| | spa d
020 _a84-320-7664-3
080 _a929.52 Franco
100 1 _aSánchez Soler, Mariano.
_9137465
245 1 0 _aVillaverde
_b: fortuna y caída de la casa Franco /
_cMariano Sánchez Soler.
250 _a1ª ed.
260 _aBarcelona :
_bPlaneta,
_c1990.
300 _a309 p. :
_bfot. bl. y n. ;
_c22 cm.
490 1 _aEspejo de España hoy
600 3 4 _aFranco Bahamonde (Familia)
_952246
830 0 _aEspejo de España hoy
_9224109
852 _aES-MaACL
_jE-14365
999 _c176933
_d176933